Mitología germánica ilustrada
Збережено в:
| Автор: | |
|---|---|
| Формат: | Книга |
| Мова: | Іспанська |
| Опубліковано: |
Barcelona
Vergara
1960
|
| Предмети: | |
| Теги: |
Додати тег
Немає тегів, Будьте першим, хто поставить тег для цього запису!
|
MARC
| LEADER | 00000nam a2200000 a 4500 | ||
|---|---|---|---|
| 001 | UCT3272 | ||
| 003 | CL-VaPUC | ||
| 008 | 961018e19600000SP |||||||||||||||||spa|d | ||
| 082 | 0 | 4 | |a 293.03 |b BRA |2 21 |
| 100 | 0 | |a Branston, Brian |e author |9 372194 | |
| 245 | 1 | 0 | |a Mitología germánica ilustrada |
| 300 | |a 668 p | ||
| 942 | |c BK | ||
| 945 | |d 19961018 00:00:00 |a paguirre | ||
| 260 | |a Barcelona |b Vergara |c 1960 | ||
| 650 | 0 | |a Mitología |9 255719 | |
| 650 | 7 | |a RELIGIONES PRIMITIVAS |2 CL-VaPUC |9 372195 | |
| 650 | 7 | |a LEYENDAS |2 CL-VaPUC |9 265258 | |
| 650 | 7 | |a FOLKLORE |2 CL-VaPUC |9 268291 | |
| 651 | 0 | |a Alemania |9 255688 | |
| 583 | |a last modification |c 19961018 00:00:00 |k Rodrigo Vera | ||
| 999 | |c 252986 |d 252984 | ||